000 00968cab a2200253 4500
001 X1137
008 090401t1993 xxu||||| |||| 00| 0 eng d
035 _a(Sirsi) u14894
041 _aeng
100 _aLee, A.
245 _aProperty taxation under conditions of rapid urban growth: the Singapore experience
260 _c1993
350 _a0
490 _aJournal of Property Valuation and Investment
_v11(4) 1993, 301-338(13)
520 _aDiscusses the role of property taxation in a developed economy, outlines the variations of method that can be adopted and finally illustrates, via a case study of Singapore, particular issues associated with the implementation of property taxation in an environment of rapid urban growth.
650 _aPROPERTY TAXATION
650 _aRATING
650 _aSINGAPORE
650 _aValuation
_96273
690 _aOVERSEAS-REST OF THE WORLD
690 _aRATING AND VALUATION
942 _n0
948 _c04/03/1997
999 _c9722
_d9722